QUEST Central Library Banner

Applied statistics for public policy [with cdrom] / (Record no. 10535)

MARC details
000 -LEADER
fixed length control field 01462nam a2200157 a 4500
020 ## - INTERNATIONAL STANDARD BOOK NUMBER
ISBN 0765612399 (hardcover)
020 ## - INTERNATIONAL STANDARD BOOK NUMBER
ISBN 9780765612397 (hardcover)
100 1# - MAIN ENTRY--AUTHOR NAME
Personal name Macfie, Brian P.
245 10 - TITLE STATEMENT
Title Applied statistics for public policy [with cdrom] /
260 ## - PUBLICATION, DISTRIBUTION, ETC. (IMPRINT)
Place of publication [S.l.] :
Name of publisher M.E. Sharpe,
Year of publication 2006.
300 ## - PHYSICAL DESCRIPTION
Number of Pages 536 p. ;
520 ## - SUMMARY, ETC.
Summary, etc This practical text provides students with the statistical tools needed to analyze data, and shows how statistics can be used as a tool in making informed, intelligent policy decisions. The authors' approach helps students learn what statistical measures mean and focus on interpreting results, as opposed to memorizing and applying dozens of statistical formulae. The book includes more than 500 end-of-chapter problems, solvable with the easy-to-use Excel spreadsheet application developed by the authors. This template allows students to enter numbers into the appropriate sheet, sit back, and analyze the data. This comprehensive, hands-on textbook requires only a background in high school algebra and has been thoroughly classroom-tested in both undergraduate and graduate level courses. No prior expertise with Excel is required. A disk with the Excel template and the data sets is included with the book, and solutions to the end-of-chapter problems will be provided on the M.E. Sharpe website.
700 1# - ADDED ENTRY--PERSONAL NAME
Personal name Nufrio, Philip M.
856 40 - ELECTRONIC LOCATION AND ACCESS
Uniform Resource Identifier http://www.amazon.com/exec/obidos/ASIN/0765612399/chopaconline-20
942 ## - ADDED ENTRY ELEMENTS (KOHA)
Koha item type Books
Holdings
Withdrawn status Lost status Home library Current library Date acquired Cost, normal purchase price Full call number Accession Number Koha item type
    Central Library, QUEST, Nawabshah Central Library, QUEST, Nawabshah 29/09/2014 575.00 519.5MAC 33151 Books
    Library for Girls Library for Girls 29/09/2014 575.00 519.5MAC 33152 Books

Copyright © 2018,The QUEST, Nawabshah, Shaheed Benazirabad. All rights reserved
Mr. G. Farooq Channar (Librarian) QUEST, Nawabshah, Sindh, Pakistan 67480.
 Ph#: |   0244-9370381-4 Ext. 2308   Email| lib@quest.edu.pk   Web|  http://www.quest.edu.pk